[Event "Salongernas IM"]
[Site "Salongernas"]
[Date "1996.??.??"]
[Round "?"]
[White "Sandstrom, Ludvig"]
[Black "Hedman, Erik"]
[Result "0-1"]
[WhiteElo "2355"]
[BlackElo "2355"]

1.d4 Nf6 2.c4 c5 3.d5 e6 4.Nc3 exd5 5.cxd5 d6 6.Nf3 g6 7.Nd2 Nbd7 8.e4 Bg7
9.Be2 O-O 10.O-O Re8 11.a4 Ne5 12.Re1 a6 13.Nf1 h5 14.Bg5 Qc7 15.h3 Rb8 16.Kh1 c4
17.a5 b5 18.axb6 Qxb6 19.f4 Ned7 20.Bxc4 Qxb2 21.Rc1 Qb4 22.Na2 Qa5 23.Nd2 Rb2
24.Rc2 Rxc2 25.Qxc2 Nb6 26.Bb3 Bd7 27.Bh4 Rc8 28.Qd1 Ba4 29.Bxa4 Nxa4 30.Nb3 Qb5
31.Nd4 Qc4 32.Nc6 Kh7 33.Qe2 Qxe2 34.Rxe2 Ne8 35.Nab4 Nc3 36.Re3 Nc7 37.Be7 f5
38.exf5 N7xd5 39.Na7 Rc7 40.Bxd6 Rxa7 41.f6  0-1

[Event "Sarospatak op"]
[Site "Sarospatak"]
[Date "1996.??.??"]
[Round "?"]
[White "Suto, Gabor"]
[Black "Pejko, Otomar"]
[Result "0-1"]
[WhiteElo "2160"]
[BlackElo "2245"]

1.d4 Nf6 2.c4 e6 3.Nf3 c5 4.d5 exd5 5.cxd5 d6 6.Nc3 g6 7.e4 a6 8.a4 Bg7 9.h3 O-O
10.Bd3 Re8 11.O-O Nbd7 12.Bf4 c4 13.Bc2 Qb6 14.Rb1 Nh5 15.Be3 Qa5 16.Bd4 Ne5
17.Nxe5 Bxe5 18.Bxe5 Rxe5 19.Qd4 Nf4 20.Qe3 g5 21.Kh2 Qd8 22.Rbd1 Qf6 23.Ne2 Bd7
24.Nxf4 gxf4 25.Qc3 Qh6 26.a5 Kh8 27.Rd4 Rg8 28.Bd1 f6 29.Bf3 Reg5 30.Re1 R5g6
31.Rxc4 Bxh3  0-1

[Event "Schoeneck"]
[Site "Schoeneck"]
[Date "1996.??.??"]
[Round "7"]
[White "Stern, Rene"]
[Black "Enders, Peter"]
[Result "1/2-1/2"]
[WhiteElo "2450"]
[BlackElo "2500"]

1.d4 Nf6 2.c4 e6 3.Nc3 c5 4.d5 exd5 5.cxd5 d6 6.Nf3 g6 7.g3 Bg7 8.Bg2 O-O
9.O-O Nbd7 10.h3 Re8 11.Nd2 Rb8 12.a4 a6 13.Nc4 Nb6 14.Na3 Bd7 15.a5 Nc8
16.Nc4 Bb5 17.Qb3 Na7 18.Re1 Qc7 19.Bf4 Bxc4 20.Qxc4 Nd7 21.Bg5 Rbc8 22.Bd2 Ne5
23.Qb3 Nd7 24.Qc4 Ne5  1/2-1/2

[Event "Seefeld op"]
[Site "Seefeld"]
[Date "1996.??.??"]
[Round "?"]
[White "Mertens, Klaus"]
[Black "Kranebitter, Gerhard"]
[Result "1-0"]
[WhiteElo "2165"]
[BlackElo "1840"]

1.d4 Nf6 2.c4 e6 3.Nf3 c5 4.d5 exd5 5.cxd5 d6 6.Nc3 g6 7.e4 Bg7 8.Bd3 O-O
9.Nd2 a6 10.a4 Nbd7 11.Nc4 Qe7 12.Bf4 Ne8 13.O-O Rb8 14.a5 f6 15.Bg3 Ne5
16.Nb6 Qc7 17.Rc1 Bd7 18.Re1 Rd8 19.f4 Nf7 20.b4 cxb4 21.Ne2 Qb8 22.Qb3 f5
23.Nxd7 Rxd7 24.exf5 g5 25.Qxb4 Nf6 26.fxg5 Nxg5 27.Bh4 Qa7+ 28.Bf2 Qb8 29.h3 Kh8
30.Nf4 Rg8 31.Bd4 Qf8 32.Ne6 Nxe6 33.dxe6 Re7 34.Qxd6 Ne8 35.Qf4 Nf6 36.Bc5 Nh5
37.Qh4 Nf6 38.Bc4 Qe8 39.Bxe7 Qxe7 40.Be2 Qd8 41.Qb4 Nd5 42.Qxb7 Bd4+ 43.Kh1 Ne3
44.e7 Qxa5 45.Bh5 Nxf5 46.e8=Q Ng3+ 47.Kh2 Qxh5 48.Qxg8+  1-0

[Event "Sheffield"]
[Site "Sheffield"]
[Date "1996.??.??"]
[Round "4"]
[White "Whiteley, Andrew J"]
[Black "McMahon, Daire"]
[Result "1-0"]
[WhiteElo "2295"]
[BlackElo "2260"]

1.d4 Nf6 2.c4 c5 3.d5 e6 4.Nc3 exd5 5.cxd5 d6 6.Nf3 g6 7.Nd2 Bg7 8.Nc4 O-O
9.Bg5 Qe7 10.e3 Rd8 11.Be2 Nbd7 12.a4 h6 13.Bh4 Ne5 14.Na3 g5 15.Bg3 Bf5
16.O-O g4 17.Bh4 h5 18.e4 Bd7 19.Bg5 Re8 20.Kh1 Qf8 21.f3 Nh7 22.Qd2 Nxg5
23.Qxg5 Ng6 24.Nc4 gxf3 25.gxf3 h4 26.f4 Bh3 27.Rf3 Bh6 28.Qg1 Kh7 29.Rxh3 Nxf4
30.Rxh4 Qe7 31.Rxh6+ Kxh6 32.Qe3 Qh4 33.Rf1 Kg5 34.Rxf4  1-0

[Event "Sitges op"]
[Site "Sitges"]
[Date "1996.??.??"]
[Round "5"]
[White "Kutirov, Rolando"]
[Black "Kovacevic, Slobodan"]
[Result "1-0"]
[WhiteElo "2505"]
[BlackElo "2355"]

1.d4 Nf6 2.c4 e6 3.Nf3 c5 4.d5 exd5 5.cxd5 d6 6.Nc3 g6 7.h3 a6 8.a4 Qe7 9.Bg5 Nbd7
10.e3 Bg7 11.Nd2 h6 12.Bh4 O-O 13.Be2 g5 14.Bg3 Ne5 15.h4 g4 16.Bxe5 Qxe5
17.Nc4 Qe7 18.Nb6 Rb8 19.Nxc8 Rbxc8 20.Bxg4 Nxg4 21.Qxg4 f5 22.Qf4 Kh7 23.Kf1 Be5
24.Qf3 Qf6 25.Rc1 Rc7 26.g3 Rg7 27.Rc2 Rg4 28.a5 Rfg8 29.Ne2 Rb4 30.Kg2 Bxb2
31.Rb1 Be5 32.Rxb4 cxb4 33.Rc4 Rg4 34.Rxg4 fxg4 35.Qe4+ Kh8 36.Qxg4 b3 37.Qc8+ Kh7
38.Qxb7+ Qg7 39.Qxb3 Qg4 40.f3 Qc8 41.Qd3+ Kh8 42.Qg6 Qf8 43.g4  1-0

[Event "SLO-chT sf"]
[Site "SLO"]
[Date "1996.??.??"]
[Round "1"]
[White "Krzisnik, Zvonko"]
[Black "Rakovec, A."]
[Result "1-0"]
[WhiteElo "2260"]
[BlackElo "2145"]

1.d4 Nf6 2.c4 e6 3.Nf3 c5 4.d5 exd5 5.cxd5 d6 6.Nc3 g6 7.g3 Bg7 8.Bg2 O-O
9.O-O Re8 10.Nd2 b6 11.Re1 Na6 12.Nc4 Nc7 13.Bf4 Bf8 14.e4 Ba6 15.Nxd6 Bxd6
16.e5 Ncxd5 17.Nxd5 Nxd5 18.Qxd5 Bf8 19.Qxa8 Qxa8 20.Bxa8 Rxa8 21.e6 fxe6
22.Rxe6 Bb7 23.Rd1 Bf3 24.Rd3 Kf7 25.Re1 Bc6 26.Bg5 h6 27.Bd2 Rc8 28.b3 Bb5
29.Rf3+ Kg8 30.Bc3 Bc6 31.Rd3 Kf7 32.f3  1-0

[Event "Sochi"]
[Site "Sochi"]
[Date "1996.??.??"]
[Round "?"]
[White "Averkin, Orest N"]
[Black "Maiorov, Oleg"]
[Result "0-1"]
[WhiteElo "2455"]
[BlackElo "2420"]

1.d4 Nf6 2.c4 c5 3.d5 e6 4.Nc3 exd5 5.cxd5 d6 6.Nf3 g6 7.e4 Bg7 8.h3 O-O
9.Bd3 b5 10.Bxb5 Nxe4 11.Nxe4 Qa5+ 12.Nfd2 Qxb5 13.Nxd6 Qa6 14.N2c4 Nd7 15.O-O Nb6
16.Nxb6 axb6 17.Qb3 Bd7 18.Bg5 b5 19.Be7 f5 20.Rfe1 Rfb8 21.Re2 Rb6 22.Qg3 Bf8
23.Rae1 Rxd6 24.Bxd6 Qxd6 25.Qh4 Qxd5 26.Qf6 Qf7 27.Qb6 Re8 28.Rxe8 Bxe8
29.b3 Qd7 30.Re6 Bf7 31.Rc6 Bd5 32.Rc7 Qe8 33.Kf1 Qe4  0-1

[Event "Solin"]
[Site "Solin"]
[Date "1996.??.??"]
[Round "4"]
[White "Sale, Srdjan"]
[Black "Zelcic, Robert"]
[Result "0-1"]
[WhiteElo "2440"]
[BlackElo "2495"]

1.d4 Nf6 2.c4 c5 3.d5 e6 4.Nc3 exd5 5.cxd5 d6 6.Nf3 g6 7.Bg5 Bg7 8.Nd2 h6
9.Bh4 g5 10.Bg3 Nh5 11.Qa4+ Kf8 12.e3 a6 13.Qc2 b5 14.a4 b4 15.Nce4 Nxg3
16.Nxg3 Nd7 17.Be2 Ra7 18.O-O Nf6 19.Nc4 h5 20.Rad1 Re7 21.b3 g4 22.Bd3 Rh6
23.Ne2 Nxd5 24.Bf5 Bxf5 25.Qxf5 Nc3 26.Nxc3 bxc3 27.Qxc5 Kg8 28.Qf5 Qb8 29.Qc2 h4
30.Rd5 h3 31.Rfd1 Qb7 32.e4 hxg2 33.Nxd6 Qc7 34.e5 Rxe5 35.Rxe5 Bxe5 36.Nf5 Bxh2+
37.Kxg2 Qc6+ 38.Kf1 Qh1+ 39.Ke2 Re6+ 40.Ne3 Qf3+ 41.Kd3 Rd6+ 42.Kc4 Qc6+
43.Kb4 Rxd1 44.Qxd1 Bd6+ 45.Ka5 g3 46.Qg4+ Kf8 47.Qh4 Bc7+ 48.Kb4 a5+ 49.Ka3 Qd6+  0-1

[Event "RUS-Cup1 Chigorin mem"]
[Site "St Petersburg"]
[Date "1996.??.??"]
[Round "5"]
[White "Lerner, Konstantin Z"]
[Black "Orlov, Andrey"]
[Result "1-0"]
[WhiteElo "2580"]
[BlackElo "2365"]

1.d4 Nf6 2.c4 c5 3.d5 e6 4.Nc3 exd5 5.cxd5 d6 6.Nf3 g6 7.Nd2 a6 8.a4 Nbd7
9.e4 Bg7 10.Be2 O-O 11.O-O Rb8 12.a5 b5 13.axb6 Nxb6 14.Nb3 Ra8 15.Bf4 Re8
16.Nd2 Qc7 17.Re1 Nfd7 18.Qc2 Ne5 19.Nd1 a5 20.Ne3 a4 21.Ra2 Ba6 22.Bxa6 Rxa6
23.Bg3 Qd7 24.f4 Ng4 25.Nec4 Rb8 26.h3 Nf6 27.Rf1 Re8 28.Bh4 Nxc4 29.Qxc4 Ra7
30.Qc2 Rb8 31.Nc4 Re8 32.Bxf6 Bxf6 33.Raa1 Bd4+ 34.Kh1 f5 35.exf5 gxf5 36.Ra3 Kh8
37.Rg3 Rb7 38.Kh2 Rb4 39.Rg5 Rg8 40.Rxg8+ Kxg8 41.Re1 Qd8 42.Re6 Qh4 43.Re8+ Kg7
44.Qxf5 Rxc4 45.Qf8+ Kg6 46.Qxd6+ Bf6 47.Rg8+ Kf5 48.Qe6+  1-0

[Event "St Petersburg-ch"]
[Site "St Petersburg"]
[Date "1996.??.??"]
[Round "11"]
[White "Epishin, Vladimir"]
[Black "Nepomnishay, Mikhail I"]
[Result "1-0"]
[WhiteElo "2620"]
[BlackElo "2480"]

1.d4 Nf6 2.c4 e6 3.Nf3 c5 4.d5 d6 5.Nc3 exd5 6.cxd5 g6 7.e4 Bg7 8.h3 O-O
9.Bd3 b5 10.Nxb5 Re8 11.O-O Nxe4 12.Qb3 a6 13.Na3 Nd7 14.Nc4 Ndf6 15.Re1 Ra7
16.Qb6 Qxb6 17.Nxb6 Bf5 18.a4 a5 19.Bb5 Rb8 20.g4 Rxb6 21.gxf5 Rbb7 22.Ra3 Re7
23.fxg6 hxg6 24.Rae3 Bh6 25.Rxe4 Rxe4 26.Bxh6 Rxe1+ 27.Nxe1 Nxd5 28.Nc2 Nc7
29.Bf4 Nxb5 30.axb5 Rb7 31.Na3 Rb6 32.Bg5 d5 33.Bd8 Re6 34.Kf1 Re4 35.Bxa5 Ra4
36.b6  1-0

[Event "SWE-chT 9596"]
[Site "?"]
[Date "1996.??.??"]
[Round "?"]
[White "Hellsten, Johan"]
[Black "Wedberg, Tom"]
[Result "0-1"]
[WhiteElo "2475"]
[BlackElo "2480"]

1.d4 Nf6 2.Nf3 e6 3.c4 c5 4.d5 d6 5.Nc3 exd5 6.cxd5 g6 7.e4 Bg7 8.h3 O-O
9.Bd3 Re8 10.O-O c4 11.Bc2 b5 12.a3 a6 13.Bf4 Bb7 14.Re1 Qb6 15.Be3 Qc7 16.Qd2 Nbd7
17.Bh6 Bh8 18.Nd4 Nc5 19.Rad1 Nfd7 20.Nc6 Bxc6 21.dxc6 Qxc6 22.Nd5 Bxb2 23.Qg5 Bg7
24.Bxg7 Kxg7 25.Ne7 f6 26.Nxc6 fxg5 27.Rxd6 Ne5 28.Red1 Nxc6 29.Rxc6 Rac8
30.Rb6 Rcd8 31.Rdd6 Rxd6 32.Rxd6 Nxe4 33.Rxa6 Nc3 34.Ra7+ Kf6 35.a4 b4 36.Rb7 Re2
37.Bxg6 hxg6 38.Rxb4 Rc2 39.a5 Ne2+ 40.Kh2 c3 41.a6 Ra2 42.Re4 Nf4 43.Rc4 Nd5
44.Rc6+ Ke5 45.Kg3 c2 46.a7 Nb4 47.Rc4 Rxa7  0-1

[Event "CRO-chT"]
[Site "Tucepi"]
[Date "1996.??.??"]
[Round "?"]
[White "Lalic, Bogdan"]
[Black "Hulak, Krunoslav"]
[Result "1/2-1/2"]
[WhiteElo "2575"]
[BlackElo "2545"]

1.d4 Nf6 2.c4 c5 3.d5 e6 4.Nf3 exd5 5.cxd5 d6 6.Nc3 g6 7.g3 Bg7 8.Bg2 O-O
9.O-O a6 10.a4 Nbd7 11.Nd2 Re8 12.a5 b5 13.axb6 Nxb6 14.Nb3 Nc4 15.Ra4 Nb6
16.Ra2 Nc4 17.Ra4 Nb6  1/2-1/2

[Event "CRO-chT"]
[Site "Tucepi"]
[Date "1996.??.??"]
[Round "?"]
[White "Bukal, Vladimir Jr"]
[Black "Kutuzovic, Branko"]
[Result "1/2-1/2"]
[WhiteElo "2340"]
[BlackElo "2405"]

1.d4 Nf6 2.c4 c5 3.d5 e6 4.Nc3 exd5 5.cxd5 d6 6.Nf3 g6 7.g3 Bg7 8.Bg2 O-O
9.O-O a6 10.a4 Re8 11.Re1 Nbd7  1/2-1/2

[Event "CRO-chT2"]
[Site "Tucepi"]
[Date "1996.??.??"]
[Round "?"]
[White "Mazuran, Marijan"]
[Black "Bozinovic, Bogdan"]
[Result "1-0"]
[WhiteElo "2225"]
[BlackElo "2265"]

1.d4 Nf6 2.c4 c5 3.d5 e6 4.Nc3 exd5 5.cxd5 d6 6.Nf3 g6 7.h3 Bg7 8.Bg5 O-O
9.e3 Re8 10.Be2 Na6 11.O-O Nc7 12.a4 a6 13.Nd2 h6 14.Bh4 g5 15.Bg3 Ncxd5
16.Nxd5 Nxd5 17.Nc4 Be6 18.Nxd6 Re7 19.Bf3 Nb4 20.Nxb7 Qb6 21.Nxc5 Rc8 22.Nxe6 Qxe6
23.Qd6 Nc2 24.Qxe6 fxe6 25.Rab1 a5 26.Rfc1 e5 27.Be4 Rec7 28.Bf5 Nd4 29.Rxc7 Ne2+
30.Kf1 Nxg3+ 31.fxg3 Rxc7 32.b4 axb4 33.Rxb4 Bf8 34.Rb5 Bc5 35.Ke2 Kf7 36.Kd3 Ke7
37.Be4 Kd6 38.Rb7 Rxb7 39.Bxb7 Bb6 40.Ke4 Ba5 41.Kf5 Bc3 42.Kg6 Bd2 43.e4 g4
44.Kf5 h5 45.Kg6 gxh3 46.gxh3 Be1 47.Kxh5 Bxg3 48.Kg4 Be1 49.Kf5 Kc7 50.Bd5 Kd6
51.Be6 Bg3 52.a5 Kc6 53.a6 Kb6 54.Bc8  1-0

[Event "Vendrell op"]
[Site "Vendrell"]
[Date "1996.??.??"]
[Round "4"]
[White "Roeder, Mathias"]
[Black "Suba, Mihai"]
[Result "0-1"]
[WhiteElo "2445"]
[BlackElo "2565"]

1.d4 Nf6 2.c4 e6 3.Nf3 c5 4.d5 d6 5.Nc3 exd5 6.cxd5 g6 7.Bf4 a6 8.a4 Bg7
9.e4 Bg4 10.Be2 O-O 11.Nd2 Bxe2 12.Qxe2 Nh5 13.Be3 Nd7 14.O-O Qh4 15.Nc4 Nf4
16.Bxf4 Qxf4 17.g3 Qf6 18.f4 Rae8 19.e5 dxe5 20.Ne4 Qd8 21.f5 Nf6 22.Nxf6+ Bxf6
23.Qe4 b5 24.axb5 axb5 25.Na5 c4 26.Nc6 Qd6 27.Ra5 Qc5+ 28.Kg2 Bd8 29.Ra7 b4
30.fxg6 fxg6 31.Rxf8+ Rxf8 32.Kh3 Qf2 33.Nxd8 Qxa7 34.Ne6 Rc8 35.Qxe5 Qd7
36.g4 c3 37.bxc3 bxc3 38.Ng5 c2 39.Ne4 Rf8  0-1

[Event "Vienna op"]
[Site "Vienna"]
[Date "1996.??.??"]
[Round "1"]
[White "Komarov, Dimitri"]
[Black "Hall, Jesper"]
[Result "1-0"]
[WhiteElo "2595"]
[BlackElo "2430"]

1.d4 Nf6 2.Nf3 e6 3.c4 c5 4.d5 exd5 5.cxd5 d6 6.Nc3 g6 7.h3 a6 8.a4 Qe7 9.Bg5 Bg7
10.e3 O-O 11.Nd2 Nbd7 12.Bd3 Rb8 13.O-O Ne5 14.Bc2 h6 15.Bh4 g5 16.Bg3 b5
17.axb5 axb5 18.f4 Nc4 19.Nxc4 bxc4 20.fxg5 hxg5 21.Rxf6 Qxf6 22.Ne4 Qh6
23.Bxd6 Rxb2 24.Bxf8 Bxf8 25.Ra8 Bf5 26.d6 c3 27.Qf3 Rxc2 28.Qxf5 Rc1+ 29.Kh2 c2
30.Qxc5 Kh7 31.Qc7 Rf1 32.Qxc2 f5 33.Qc7+ Bg7 34.d7 fxe4 35.d8=Q Qh4 36.Qg8+  1-0

[Event "Vienna op"]
[Site "Vienna"]
[Date "1996.??.??"]
[Round "2"]
[White "Gyimesi, Zoltan"]
[Black "Lehner, Oliver"]
[Result "1-0"]
[WhiteElo "2480"]
[BlackElo "2320"]

1.d4 Nf6 2.c4 e6 3.Nc3 c5 4.d5 exd5 5.cxd5 d6 6.Nf3 g6 7.Nd2 a6 8.a4 Nbd7
9.e4 Bg7 10.Be2 O-O 11.O-O Re8 12.f3 Rb8 13.Nc4 Ne5 14.Nxe5 Rxe5 15.a5 b5
16.axb6 Rxb6 17.Qc2 Re8 18.Bg5 h6 19.Bh4 g5 20.Bf2 Nd7 21.Ra2 Be5 22.Nd1 Qf6
23.Ne3 Bd4 24.Nc4 Bxf2+ 25.Rxf2 Rb4 26.Qc3 Qe7 27.Ne3 Nb8 28.Bc4 f6 29.b3 Qe5
30.Qxe5 Rxe5 31.Ra4 f5 32.Rxb4 cxb4 33.Bd3 Re8 34.Nc4 Rd8 35.Rc2 fxe4 36.Bxe4 Bb7
37.Na5 Rd7 38.Rc4  1-0

[Event "Vienna op-B"]
[Site "Vienna"]
[Date "1996.??.??"]
[Round "3"]
[White "Schwartz, Ylan"]
[Black "Stajcic, Nikola"]
[Result "1-0"]
[WhiteElo "2225"]
[BlackElo "2315"]

1.d4 Nf6 2.Nf3 c5 3.d5 e6 4.c4 exd5 5.cxd5 d6 6.Nc3 g6 7.Bf4 a6 8.e4 Bg4
9.Be2 Bg7 10.Qa4+ Bd7 11.Qb3 b5 12.Bxd6 b4 13.e5 bxc3 14.exf6 Bxf6 15.O-O cxb2
16.Rae1 Be6 17.Qa4+ Qd7 18.Qf4  1-0

[Event "Carl Schlechter mem"]
[Site "Vienna"]
[Date "1996.??.??"]
[Round "5"]
[White "Miniboeck, Guenter"]
[Black "Palkovi, Jozsef"]
[Result "1-0"]
[WhiteElo "2355"]
[BlackElo "2460"]

1.d4 Nf6 2.c4 e6 3.Nf3 c5 4.d5 exd5 5.cxd5 d6 6.Nc3 g6 7.e4 Bg7 8.h3 O-O
9.Bd3 b5 10.Nxb5 Re8 11.O-O Nxe4 12.Re1 a6 13.Qa4 Nd7 14.Rxe4 Rxe4 15.Qxe4 Nf6
16.Qh4 axb5 17.Bxb5 Qb6 18.a4 Bb7 19.Bh6 Bxd5 20.Bxg7 Kxg7 21.Nd2 Be6 22.b4 Rc8
23.Rc1 d5 24.bxc5 Rxc5 25.Rxc5 Qxc5 26.Nb3 Qc2 27.Nd4 Qd1+ 28.Bf1 Bd7 29.Nb5 Ne4
30.Qe7 Bxb5 31.axb5 Qd4 32.Qc7 Qxf2+ 33.Kh2 Qxf1 34.b6 Nf2 35.Qe5+ f6 36.Qxd5 h5
37.Qd7+ Kh6 38.Qd4 Qd3 39.Qxd3  1-0

[Event "Villa Gesell"]
[Site "Villa Gesell"]
[Date "1996.??.??"]
[Round "8"]
[White "Sorin, Ariel"]
[Black "Hoffman, Alejandro"]
[Result "1-0"]
[WhiteElo "2505"]
[BlackElo "2410"]

1.d4 Nf6 2.c4 e6 3.Nf3 c5 4.d5 exd5 5.cxd5 d6 6.Nc3 g6 7.e4 Bg7 8.Bg5 h6
9.Bh4 a6 10.Nd2 b5 11.Be2 O-O 12.Qc2 Re8 13.f4 Nbd7 14.O-O Qc7 15.Rae1 c4
16.Nd1 Nc5 17.Nf2 Bd7 18.Bf3 Rac8 19.Re2 Nh7 20.b4 Nd3 21.Nxd3 cxd3 22.Qxd3 g5
23.fxg5 hxg5 24.Bh5 gxh4 25.Bxf7+ Kh8 26.Bxe8 Bxe8 27.Qh3 Qd8 28.Nf3 Rc3
29.Qg4 Bd7 30.Qxh4 Qxh4 31.Nxh4 Bg4 32.Ng6+ Kg8 33.Ne7+ Kh8 34.Ree1 Bd4+
35.Kh1 Kg7 36.Nc6 Be5 37.Nxe5 dxe5 38.Rc1 Rc4 39.Rxc4 bxc4 40.Rc1 Be2 41.a4 Nf6
42.b5 axb5 43.axb5 Nd7 44.Kg1 Kf7 45.Kf2 Bd3 46.Ke3 Ke7 47.Ra1 Nc5 48.b6 Kd6
49.Ra8 Nd7 50.Rc8  1-0

[Event "Villalba op"]
[Site "Villalba"]
[Date "1996.??.??"]
[Round "7"]
[White "Koutsin, Sergey"]
[Black "Panchenko, Alexandar G"]
[Result "0-1"]
[WhiteElo "2435"]
[BlackElo "2445"]

1.Nf3 Nf6 2.c4 e6 3.d4 c5 4.d5 exd5 5.cxd5 d6 6.Nc3 g6 7.h3 Bg7 8.e4 O-O
9.Bd3 b5 10.Nxb5 Re8 11.O-O Nxe4 12.Re1 a6 13.Qa4 Nd7 14.Rxe4 Rxe4 15.Qxe4 Nf6
16.Qh4 axb5 17.Bxb5 Qb6 18.a4 Bb7 19.Bh6 Bxd5 20.Bxg7 Kxg7 21.Qf4 Ra7 22.Nd2 Re7
23.Nc4 Bxc4 24.Qxc4 Re4 25.Qc3 Rd4 26.Qe3 Nd5 27.Qe8 Qa5 28.Qc6 Nb4 29.Qb7 Nc2
30.Rc1 Qd2 31.Rf1 Rb4 32.Qd7 Nd4 33.Bc6 Rxb2 34.a5 Ra2 35.Kh1 Nxc6 36.Qxc6 Rxa5
37.Qf3 Qd4  0-1

[Event "Villalba op"]
[Site "Villalba"]
[Date "1996.??.??"]
[Round "8"]
[White "Valles Moreno, Ivan"]
[Black "Suba, Mihai"]
[Result "0-1"]
[WhiteElo "2190"]
[BlackElo "2565"]

1.d4 Nf6 2.c4 e6 3.Nf3 c5 4.d5 d6 5.Nc3 exd5 6.cxd5 g6 7.h3 a6 8.a4 Qe7 9.Bg5 h6
10.Bh4 Nbd7 11.e3 Bg7 12.Be2 O-O 13.O-O Rb8 14.Re1 g5 15.Bg3 Ne8 16.Nd2 f5
17.Bf1 Qf6 18.Bh2 Ne5 19.Rb1 Bd7 20.a5 Kh8 21.Qc2 f4 22.Nce4 Qd8 23.Nc4 Nxc4
24.Bxc4 Qxa5 25.Qe2 Qd8 26.h4 Qe7 27.Nxg5 fxe3 28.Nf3 exf2+ 29.Qxf2 Qf7 30.Qg3 Rg8
31.Rxe8 Rbxe8 32.Qxd6 Qxf3 33.gxf3 Be5+ 34.Kf2 Bd4+  0-1

[Event "LTU-ch"]
[Site "Vilnius"]
[Date "1996.??.??"]
[Round "8"]
[White "Grigutavicius, Dainius"]
[Black "Rocius, Marijonas"]
[Result "1/2-1/2"]
[WhiteElo "2145"]
[BlackElo "2250"]

1.d4 Nf6 2.c4 e6 3.Nc3 c5 4.d5 exd5 5.cxd5 d6 6.Nf3 a6 7.a4 g6 8.Nd2 Nbd7
9.Nc4 Nb6 10.Nxb6 Qxb6 11.a5 Qc7 12.Bg5 Bg7 13.Qa4+ Qd7 14.Qf4 Qe7 15.Ra4 Qe5
16.Qxe5+ dxe5 17.Bxf6 Bxf6 18.Ne4 Be7 19.Rc4 f5 20.Nxc5 Bxc5 21.Rxc5 Kd7
22.b4 Kd6 23.Kd2 Bd7 24.e3 Rac8 25.Rxc8 Rxc8 26.Be2 Kxd5 27.Rb1 Bb5 28.Bf3+ e4
29.Bd1 Rc6 30.Bb3+ Bc4 31.Ba4 Bb5 32.Bb3+ Bc4 33.Ba4 b5 34.axb6 Rxb6 35.Kc3 Bd3  1/2-1/2

[Event "JUG-chT"]
[Site "Vrnjacka Banja"]
[Date "1996.??.??"]
[Round "?"]
[White "Nestorovic, Dejan"]
[Black "Mujagic, Ramo"]
[Result "1-0"]
[WhiteElo "2310"]
[BlackElo "2380"]

1.d4 Nf6 2.c4 e6 3.Nf3 c5 4.d5 exd5 5.cxd5 d6 6.Nc3 g6 7.e4 Bg7 8.Be2 O-O
9.O-O a6 10.a4 Re8 11.Nd2 Nbd7 12.Qc2 Rb8 13.a5 Rf8 14.Nc4 Ne8 15.Bf4 Qe7
16.Qd2 Ne5 17.Bxe5 Bxe5 18.Nxe5 Qxe5 19.f4 Qe7 20.Bc4 b5 21.axb6 Rxb6 22.Rae1 Ng7
23.e5 f5 24.Re3 Bd7 25.Rfe1 Kh8 26.b3 Rbb8 27.Nb1 Bb5 28.Qc3 Bxc4 29.bxc4 Kg8
30.Nd2 Ra8 31.Nb3 Nh5 32.g3 Ng7 33.Na5 g5 34.Nc6 Qd7 35.exd6 Qxd6 36.Re6 Nxe6
37.Rxe6 Qd7 38.Ne7+ Kf7 39.Qf6+ Ke8 40.Nc6+  1-0

[Event "JUG-chT"]
[Site "Vrnjacka Banja"]
[Date "1996.??.??"]
[Round "?"]
[White "Ilic, Zoran"]
[Black "Mujagic, Ramo"]
[Result "1-0"]
[WhiteElo "2400"]
[BlackElo "2380"]

1.d4 Nf6 2.Nf3 e6 3.c4 c5 4.d5 exd5 5.cxd5 d6 6.Nc3 g6 7.g3 Bg7 8.Bg2 O-O
9.O-O Na6 10.Nd2 Nc7 11.Nc4 Rb8 12.Bf4 Nce8 13.a4 Nh5 14.Bd2 a6 15.a5 Nhf6
16.Rb1 Nd7 17.b4 cxb4 18.Rxb4 Ne5 19.Nb6 Nc7 20.Qb1 Na8 21.Nca4 Nxb6 22.Nxb6 Bd7
23.f4 Ng4 24.Nxd7 Qxd7 25.h3 Nf6 26.Kh2 Rfe8 27.e4 Re7 28.Rb6 Rbe8 29.Re1 Rc8
30.Bb4 Ne8 31.e5 Qa4 32.exd6 Rxe1 33.Qxe1 Bf8 34.h4 Rd8 35.Qe5 Qd7 36.Bh3 f5
37.Qe6+ Qxe6 38.dxe6 Nxd6 39.Bg2 Be7 40.Bxd6 Rxd6 41.Bxb7 Kf8 42.Bxa6 Rd2+
43.Kh3 Bc5 44.Rb5 Bg1 45.g4 fxg4+ 46.Kxg4 Ke7 47.Bc8 Rg2+ 48.Kf3 Rf2+ 49.Kg3 Re2
50.a6 Kd8 51.Bd7 Ra2 52.Rb7 Bc5 53.Bb5 Ra3+ 54.Kg4 Re3 55.Rd7+ Ke8 56.a7  1-0

[Event "Wattens op"]
[Site "Wattens"]
[Date "1996.??.??"]
[Round "6"]
[White "Grab, Ratko"]
[Black "Kranebitter, Gerhard"]
[Result "0-1"]
[WhiteElo "2060"]
[BlackElo "1840"]

1.Nf3 e6 2.d4 Nf6 3.c4 c5 4.d5 exd5 5.cxd5 d6 6.Nc3 g6 7.e4 Bg7 8.Bd3 O-O
9.O-O a6 10.a4 Qc7 11.Nd2 Nbd7 12.Nc4 Rb8 13.Re1 Nh5 14.g4 Nhf6 15.Bf4 Ne8
16.Qf3 f6 17.Qg3 Ne5 18.g5 fxg5 19.Bxe5 Bxe5 20.Nxe5 dxe5 21.Qxg5 Qd6 22.Re3 Qf6
23.Qxf6 Rxf6 24.a5 Nd6 25.b3 Bd7 26.Nd1 Rbf8 27.Be2 Bb5 28.Bg4 c4 29.f3 h5
30.Be6+ Kg7 31.Kg2 Kh6 32.Nb2 cxb3 33.Rxb3 Be2 34.Rb6 Bxf3+ 35.Kg1 Bxe4 36.Rxd6 Rf2
37.Bh3 Rxb2 38.Re1 Bf3 39.Re6 Bxd5 40.R6xe5 Bc6 41.Bf1 Rff2 42.R5e2 Rfxe2
43.Rxe2 Rb1 44.Kf2 Bb5 45.Re1 Rxe1 46.Kxe1 Bxf1 47.Kxf1 Kg5 48.Kg2 Kf4 49.Kf2 g5
50.Kg2 g4 51.Kf2 h4 52.Kg2 Ke3 53.Kh1 Kd4 54.Kg2 Kc4 55.Kf2 Kb4 56.Ke3 Kxa5
57.Kf4 g3  0-1

[Event "Yalta op"]
[Site "Yalta"]
[Date "1996.??.??"]
[Round "6"]
[White "Koniushkov, Igor"]
[Black "Kushch, Nikolai"]
[Result "0-1"]
[WhiteElo "2280"]
[BlackElo "2370"]

1.d4 Nf6 2.c4 e6 3.Nf3 c5 4.d5 exd5 5.cxd5 d6 6.Nc3 g6 7.g3 Bg7 8.Bg2 O-O
9.O-O a6 10.a4 Nbd7 11.Re1 Re8 12.Bf4 Qc7 13.Qc2 Rb8 14.a5 b5 15.axb6 Rxb6
16.Ra2 Qb8 17.Bd2 Rb4 18.Nd1 Rbe4 19.Nc3 R4e7 20.e4 Nb6 21.b3 h6 22.h3 Nfd7
23.Rb1 Qc7 24.Nh2 c4 25.b4 Ne5 26.Be3 f5 27.b5 a5 28.Rxa5 fxe4 29.Bxe4 Nd3
30.Bg2 Rxe3 31.fxe3 Rxe3 32.Nf1 Re7 33.Kh2 Bf5 34.Qd2 Qc5 35.Ra6 Kh7 36.Rba1 Bd4
37.Ra7 Rd7 38.Rxd7+ Nxd7 39.Ra2 Bg1+ 40.Kh1 Nf2+  0-1

[Event "Yalta op"]
[Site "Yalta"]
[Date "1996.??.??"]
[Round "9"]
[White "Averkin, Orest N"]
[Black "Kostenko, Igor"]
[Result "1/2-1/2"]
[WhiteElo "2455"]
[BlackElo "2285"]

1.d4 Nf6 2.Nf3 c5 3.d5 e6 4.c4 exd5 5.cxd5 d6 6.Nc3 g6 7.Nd2 Bg7 8.e4 O-O
9.Be2 Na6 10.O-O Nc7 11.Re1 Rb8 12.a4 a6 13.a5 Bd7 14.Nc4 Bb5 15.Bg5 h6 16.Bh4 Re8
17.f3 Bxc4 18.Bxc4 b5 19.axb6 Rxb6 20.Qc2 Qb8 21.Ra2 Nb5 22.Nxb5 axb5 23.Bf1 b4
24.b3 g5 25.Bf2 Nd7 26.Rc1 Ne5 27.Qd1 Rb7 28.g3 Ng6 29.Rcc2 Ra7 30.Rxa7 Qxa7
31.Bb5 Rb8 32.Ba4 Bc3 33.Qe2 Qe7 34.Kf1 Kg7 35.Ra2 h5 36.Bb5 h4 37.Bc6 Rh8
38.Kg2 Ne5 39.gxh4 Ng6 40.Kh1 Nxh4 41.Ra8 Rh6 42.f4 gxf4 43.Qg4+ Rg6 44.Qxf4 Ng2
45.Qf5 Nh4 46.Qf4 Ng2 47.Qf5  1/2-1/2

[Event "Yerevan ol (Men)"]
[Site "Yerevan"]
[Date "1996.??.??"]
[Round "3"]
[White "Curi, Gabriel"]
[Black "Barrios, Ramon"]
[Result "1-0"]
[WhiteElo "2310"]
[BlackElo "2160"]

1.d4 Nf6 2.c4 e6 3.Nc3 c5 4.d5 exd5 5.cxd5 d6 6.Nf3 g6 7.g3 Bg7 8.Bg2 O-O
9.O-O a6 10.a4 Nbd7 11.Nd2 Bh6 12.f4 Rb8 13.a5 b5 14.axb6 Nxb6 15.e4 Nfd7
16.Nf3 Bg7 17.Re1 Re8 18.Bf1 Ra8 19.h3 h5 20.Kh2 Bb7 21.Be3 Nf6 22.Bf2 Nfd7
23.Qd2 Nf6 24.Ra2 Nfd7 25.Qc2 Qc8 26.Rea1 Nf6 27.Ng5 Re7 28.Bd3 Nbd7 29.Nb1 Nh7
30.Nf3 Nhf6 31.Nbd2 Nb6 32.Ra3 Nfd7 33.R1a2 Re8 34.Ng5 Nf8 35.Nc4 Nxc4 36.Bxc4 Nh7
37.Nf3 Nf8 38.Be1 Nd7 39.Bc3 Bxc3 40.Rxc3 Kg7 41.Bd3 Qd8 42.Rca3 Qc8 43.Nd2 Nb6
44.Rb3 Qc7 45.Qc3+ f6 46.Qa5 Bxd5 47.exd5 Qe7 48.Be4 Nc4 49.Nxc4 Qxe4 50.Ne3 Rab8
51.Qc7+ Kh6 52.Rxb8 Qxe3 53.b3 Re7 54.Qc8 g5 55.fxg5+ fxg5 56.Qf8+  1-0

[Event "Yerevan ol (Men)"]
[Site "Yerevan"]
[Date "1996.??.??"]
[Round "3"]
[White "Livshits, Ron"]
[Black "Ionescu, Constantin"]
[Result "1/2-1/2"]
[WhiteElo "2390"]
[BlackElo "2520"]

1.d4 Nf6 2.c4 e6 3.Nf3 c5 4.d5 d6 5.Nc3 exd5 6.cxd5 g6 7.h3 Bg7 8.e4 O-O
9.Bd3 b5 10.Nxb5 Re8 11.O-O Nxe4 12.Re1 a6 13.Na3 Nf6 14.Rxe8+ Nxe8 15.Bg5 Nf6
16.Nc4 Ra7 17.Qd2 a5 18.Re1 Bb7 19.Bf1 Ba8 20.Qf4 Rd7 21.Qd2 Ra7 22.Qf4 Rd7  1/2-1/2

[Event "Yerevan ol (Women)"]
[Site "Yerevan"]
[Date "1996.??.??"]
[Round "7"]
[White "Ramon, Vivian"]
[Black "Uskova, Fliura"]
[Result "0-1"]
[WhiteElo "2260"]
[BlackElo "2310"]

1.d4 Nf6 2.c4 c5 3.d5 e6 4.Nc3 exd5 5.cxd5 d6 6.Nf3 g6 7.g3 Bg7 8.Bg2 O-O
9.O-O Na6 10.Nd2 Nc7 11.a4 b6 12.Nc4 Ba6 13.Qb3 Bxc4 14.Qxc4 a6 15.Bg5 h6
16.Bd2 Qd7 17.b4 b5 18.Qb3 cxb4 19.Qxb4 a5 20.Qb3 b4 21.Nd1 Nfxd5 22.Rc1 Nb6
23.Bxa8 Rxa8 24.Nb2 Ne6 25.Be3 Nc5 26.Bxc5 dxc5 27.Rfd1 Qc6 28.Nc4 Nxa4 29.Rd6 Qe8
30.Rxg6 Kh7 31.Rg4 Nc3 32.Qc2+ Kh8 33.Re1 Qe6 34.Ne3 Rd8 35.Rc4 Bd4 36.Qd3 Rd6
37.Kf1 Bxe3 38.Qxe3 Qxc4 39.Qe5+ Kh7 40.Qxd6 Qd5 41.Qxd5 Nxd5 42.Ra1 b3 43.Rb1 a4
44.Ke1 c4 45.Kd2 a3  0-1